|
|
|
|
| LEADER |
00611nab a2200169 i 4500 |
| 001 |
misc2820 |
| 005 |
20191106143654.0 |
| 008 |
170607s1912 hu o 0|| hun d |
| 040 |
|
|
|a SZTE Miscellanea Repozitórium
|b hun
|
| 041 |
|
|
|a hun
|
| 100 |
1 |
|
|a Trinkl István
|
| 245 |
1 |
2 |
|a A malompatak
|h [elektronikus dokumentum] :
|b [festmény] /
|c Trinkl István
|
| 260 |
|
|
|c 1912
|
| 300 |
|
|
|a 1500-1501
|
| 490 |
0 |
|
|a Kultura [!Kultúra] : irodalmi, művészeti, kritikai képes havi folyóirat
|v 4 No. 23-24
|
| 695 |
|
|
|a Művészet
|
| 856 |
4 |
0 |
|u http://misc.bibl.u-szeged.hu/2820/1/kultura_004_023_024_1500-1501.pdf
|z Dokumentum-elérés
|